Power Electronics : A first Course (Record no. 586638)

000 -LEADER
fixed length control field 00294nam a22001217a 4500
020 ## - INTERNATIONAL STANDARD BOOK NUMBER
International Standard Book Number 9781118074800
040 ## - CATALOGING SOURCE
Transcribing agency NUST
082 ## - DEWEY DECIMAL CLASSIFICATION NUMBER
Classification number 621.317
Author Mark MOH
100 ## - MAIN ENTRY--PERSONAL NAME
Personal name Mohan, Ned
9 (RLIN) 68672
245 ## - TITLE STATEMENT
Title Power Electronics : A first Course
260 ## - PUBLICATION, DISTRIBUTION, ETC.
Place of publication, distribution, etc. USA:
Name of publisher, distributor, etc. John Wiley &Sons,
Date of publication, distribution, etc. 2012.
942 ## - ADDED ENTRY ELEMENTS (KOHA)
Source of classification or shelving scheme
Koha item type Book
Holdings
Withdrawn status Lost status Source of classification or shelving scheme Damaged status Not for loan Permanent Location Current Location Shelving location Date acquired Total Checkouts Full call number Barcode Date last seen Price effective from Koha item type
          College of Electrical & Mechanical Engineering (CEME) College of Electrical & Mechanical Engineering (CEME) General Stacks 11/02/2021   621.317 MOH CEME-50776 11/02/2021 11/02/2021 Book
© 2023 Central Library, National University of Sciences and Technology. All Rights Reserved.